Score 0/60 Timer 06:00
0 Plays Today
Hint 4-Letter Word % Correct
● Six balls bowled ●●OVER●
86%
Opposite of buySELL
83.6%
A place to bakeOVEN
78.3%
Surface by a windowSILL
73.7%
● Group of 11 players (+1) ●●TEAM●
73.7%
● 5-day match ●●TEST●
72.3%
● Ball hitters ●●BATS●
70.8%
● It's red or white (or pink) ●●BALL●
68.5%
Yours and mineOURS
68.5%
● Position near the keeper ●●SLIP●
68.2%
● The team with more, wins ●●RUNS●
67.7%
Reindeer from 'Frozen'SVEN
67.4%
Oxidized ironRUST
67%
Smallest of the litterRUNT
66.9%
Common porridge grainsOATS
66.2%
● Ten ends your innings ●●OUTS●
66.1%
InformTELL
65.7%
Row boat propulsionOARS
65.6%
It goes with relaxationREST
65.4%
Cashier's money boxTILL
65%
Square bit of flooringTILE
63.7%
Ripped apartTORN
63.6%
Often popped grainCORN
62.2%
Pokémon before DewgongSEEL
61.8%
EspiedSEEN
60.9%
● It sits on the stumps ●●BAIL●
60.8%
Deep wheel tracksRUTS
60.2%
Open-handed blowSLAP
60.1%
● Throw a ball down the pitch ●●BOWL●
60.1%
Duck or colorTEAL
59.9%
Hint 4-Letter Word % Correct
● Too far away to hit ●●WIDE●
59.8%
Plant-to-beSEED
58.3%
Low voiceBASS
58%
Moon's pullTIDE
58%
Snow transportationSLED
56.5%
Turn from liquid to gasBOIL
56%
More than tangySOUR
55.8%
Woman of the d'UrbervillesTESS
54.5%
One of four in softballBASE
54.2%
Lost tractionSLID
54%
Leak slowlySEEP
53.7%
Washing needSOAP
52.9%
Fly on the windSOAR
52.6%
● A hit to the boundary ●●FOUR●
51.5%
Wait: ___ one's timeBIDE
49.4%
Cross a shallow streamWADE
49.3%
A bit of cotton from a plantBOLL
46.8%
Abound or swarmTEEM
46.8%
● Start with a [20] [24] ●●TOSS●
46%
● Position near the boundary ●●DEEP●
45.6%
Rocky peaksTORS
45.2%
A tree trunkBOLE
44.6%
Expressed or orderedBADE
44.5%
A rafter, for the ScotsSILE
44.4%
Aggressive snake positionCOIL
44.3%
● One bowls, one bats ●●SIDE●
44.1%
ForetellBODE
43.9%
Hooded robeCOWL
41.2%
● Start with a [20] [24] ●●COIN●
40.5%
Judge or thinkDEEM
38.3%

Today's Daily Dose

You're not logged in!

Compare scores with friends on all Sporcle quizzes.
OR
Log In

Sporcle TV

Today on Sporcle TV


Watch our educational content, quiz creation guides, and fun videos on Sporcle TV.

Show Comments

Extras

Top Quizzes Today


Score Distribution

Paid Content

Your Account Isn't Verified!

In order to create a playlist on Sporcle, you need to verify the email address you used during registration. Go to your Sporcle Settings to finish the process.

Report this User

Report this user for behavior that violates our Community Guidelines.

Details: